| 000 | 004280000a22001690004500 | ||
|---|---|---|---|
| 003 | LK-CoMWRAF | ||
| 008 | 230817t ||||| |||| 00| 0 eng d | ||
| 040 |
_aLK-CoMWRAF _dLK-CoMWRAF _eLK-CoMWRAF |
||
| 041 | _aeng | ||
| 082 |
_a340 _bTHI |
||
| 100 | _aThiruchandran, Selvy | ||
| 245 |
_aPennadimaiyin Parimanankalum Pennurimaiyin Vilakkamum _b |
||
| 260 |
_aColombo _bWECP _c |
||
| 300 | _ap.55 | ||
| 650 | _aWomen | ||
| 942 | _cBK | ||
| 999 |
_c2956 _d2956 |
||